000 nam a22 7a 4500
999 _c7793
_d7793
008 171012b xxu||||| |||| 00| 0 eng d
100 _94270
_aYavorsky.Y.
245 _aHandbook of Physics
260 _aMoscow
_bMIR Publishers
_c1977